00339nam a2200121 4500003000900000005001700009008004500026020001500071040002200086100002500108245005500133300002900188DO-SdBNP20180212090229.0161123b1992 xxu||||| |||| 00| 0 spa d a0060210281 aBPMSUbspacBPMSU aWise Brown, Margaret aA child“s good naght book /cWise Brown, Margaret a16 p.bNew York , c1992